Transportation tunnels (Record no. 547176)
[ view plain ]
| 000 -LEADER | |
|---|---|
| fixed length control field | 00475nam a22001577a 4500 |
| 020 ## - INTERNATIONAL STANDARD BOOK NUMBER | |
| International Standard Book Number | 81-204-1026-2 |
| 082 ## - DEWEY DECIMAL CLASSIFICATION NUMBER | |
| Classification number | 624.193 |
| Author Mark | PON |
| -- | L-38,P-42 |
| 100 ## - MAIN ENTRY--PERSONAL NAME | |
| Personal name | Pennuswamy S |
| 9 (RLIN) | 43357 |
| 245 ## - TITLE STATEMENT | |
| Title | Transportation tunnels |
| Statement of responsibility, etc. | Pennuswamy S |
| 260 ## - PUBLICATION, DISTRIBUTION, ETC. | |
| Place of publication, distribution, etc. | Calcutta. |
| Name of publisher, distributor, etc. | Oxford & IBH Publishing co. PVT. Ltd, |
| Date of publication, distribution, etc. | 1996. |
| 300 ## - PHYSICAL DESCRIPTION | |
| Extent | 182p.: |
| Other physical details | ill.; |
| Dimensions | 14 cm. |
| 526 ## - STUDY PROGRAM INFORMATION NOTE | |
| Program name | 0 |
| Interest level | 0 |
| Reading level | 0 |
| Title point value | 624_193000000000000_PON |
| 526 ## - STUDY PROGRAM INFORMATION NOTE | |
| Program name | 0 |
| Interest level | 0 |
| Reading level | 0 |
| Title point value | 624_193000000000000_PON |
| 650 ## - SUBJECT ADDED ENTRY--TOPICAL TERM | |
| Topical term or geographic name entry element | MCE |
| 9 (RLIN) | 379 |
| 942 ## - ADDED ENTRY ELEMENTS (KOHA) | |
| Source of classification or shelving scheme | |
| Koha item type | Book |
| Withdrawn status | Lost status | Source of classification or shelving scheme | Damaged status | Not for loan | Permanent Location | Current Location | Date acquired | Total Checkouts | Full call number | Barcode | Date last seen | Price effective from | Koha item type | Date last checked out |
|---|---|---|---|---|---|---|---|---|---|---|---|---|---|---|
| Military College of Engineering (MCE) | Military College of Engineering (MCE) | 07/04/2014 | 624.193 PON | MCE-42823 | 07/04/2014 | 07/04/2014 | Book | |||||||
| Military College of Engineering (MCE) | Military College of Engineering (MCE) | 07/04/2014 | 1 | 624.193 PON | MCE-29615 | 09/03/2019 | 07/04/2014 | Book | 04/25/2019 |
